000 01940nam a22002297a 4500
005 20251104091756.0
008 251104b |||||||| |||| 00| 0 eng d
020 _a9789390441167
040 _cAL
041 _aeng
082 _a820.33
_bPANY
100 _aAjay K Pandey
_9243655
245 _aYou are the best friend
260 _aNew Delhi
_bSrishti Publishers and Distributors
_c2023
300 _ax,221p.
_bPB
_c20x13cm
365 _2English
_a4241
_b₹200.00
_c
_d₹250.00
_e20%
520 _aYou might come across love many times in life; but the one that you experience with your best friend is etched for eternity. Ajay is fighting demons in his mind after losing his wife Bhavna. Ten years of togetherness, and a harsh twist of fate have thrown him into the pit of depression. With medication and therapy helping him fight his immense grief, there is only one ray of hope for him – he wants to immortalize his wife. Anisha lives life queen size. Making the most of each moment, she loves everything that she is blessed with. She is shocked when she meets Ajay. How can someone hate God so much? More than anything, what will that hatred do to him? Even as her mind makes a harsh judgment about Ajay, her heart notices his simple and caring gesture that changes her perception completely. So begins the journey of two people who are poles apart. A journey which will change their outlook towards life. Ever felt the need to have a friend who could just sit with you and talk for hours? Do you think friendship can bring you out of emotional pain and depression? Read this emotional rollercoaster from the pen of bestselling author Ajay K Pandey, which explores friendship like never before, and is sure to re-affirm your faith in life.
650 _aIndian English Fiction
_9243656
650 _aIndian Novel
_9243657
650 _aTrue story of mental health and finding inner peace
_9243658
942 _2ddc
_cBK
999 _c240646
_d240646